|
|
|
|
| LEADER |
01367nam a2200313 a 4500 |
| 001 |
120 |
| 003 |
BD-DhAAL |
| 005 |
20150307143559.0 |
| 008 |
150307s1993 nyua f 001 0 eng |
| 010 |
|
|
|a 93014719
|
| 020 |
|
|
|a 0070479097 (acidfree paper)
|
| 040 |
|
|
|a DLC
|c DLC
|d DLC
|d BD-DhAAL
|
| 050 |
0 |
0 |
|a TS161
|b .O33 1993
|
| 082 |
0 |
0 |
|a 658.5/03
|2 20
|
| 100 |
1 |
|
|a Oden, Howard W.
|9 9160
|
| 245 |
1 |
0 |
|a Handbook of material & capacity requirements planning /
|c Howard W. Oden, Gary A. Langenwalter, Raymond A. Lucier.
|
| 246 |
3 |
|
|a Handbook of materials and capacity requirements planning
|
| 260 |
|
|
|a New York :
|b McGraw-Hill,
|c c1993.
|
| 300 |
|
|
|a xvi, 458 p. :
|b ill. ;
|c 24 cm.
|
| 504 |
|
|
|a Includes bibliographical references and index.
|
| 541 |
|
|
|e 120
|
| 650 |
|
0 |
|a Materials management
|x Handbooks, manuals, etc..
|9 9161
|
| 650 |
|
0 |
|a Inventory control
|x Handbooks, manuals, etc.
|9 9162
|
| 700 |
1 |
|
|a Langenwalter, Gary A.
|9 9163
|
| 700 |
1 |
|
|a Lucier, Raymond A.
|9 9164
|
| 942 |
|
|
|2 ddc
|c BK
|
| 999 |
|
|
|c 33915
|d 33915
|
| 952 |
|
|
|0 0
|1 0
|2 ddc
|4 0
|6 658_503000000000000_ODN
|7 0
|9 52937
|a SCL
|b SCL
|c GEN
|d 2015-03-07
|e Gift: The Asia Foundation
|l 0
|o 658.503 ODN
|p 3020000120
|r 2015-03-07
|t 1
|w 2015-03-07
|y BK
|
| 952 |
|
|
|0 0
|1 0
|2 ddc
|4 0
|6 658_503000000000000_ODN
|7 0
|9 52948
|a SCL
|b SCL
|c GEN
|d 2015-03-08
|e Gift: The Asia Foundation
|l 0
|o 658.503 ODN
|p 3020000121
|r 2015-03-08
|t 2
|w 2015-03-08
|y BK
|